000 01111cm a2200349 a 4500
003 CHAP
005 20220817043848.0
008 020926s1988 us a 10 eng d
010 _a86392
011 _a87364
020 _a0471325848
035 _a97907
040 _cCHAP
090 _aCD-97
100 0 0 _aAltman, Tracy A.
_94702
245 1 0 _aElectronic guide to food regulations (disco compacto)
_c/por Tracy A. Altman
260 _aNew York, N.Y. :
_bJohn Wiley & Sons,
_c1999.
300 _a1 disco compacto
_c5 1/4 plgs.
590 _aBATCH-UPD
_b10
_c20130110
_lUCH01
_h1151
590 _aBATCH-UPD
_b10
_c20130410
_lUCH01
_h0735
590 _aBATCH-UPD
_b10
_c20130913
_lUCH01
_h2015
590 _aCONVERSION
_b10
_c20130109
_lUCH01
_h1348
650 1 4 _aAditivos alimenticios.
_9907
650 1 4 _aAlimentos
_xAnĂ¡lisis.
_94164
650 1 4 _aAlimentos
_xCalidad.
650 1 4 _aAlimentos
_xControl.
_94211
650 1 4 _aAlimentos
_xNormas de calidad.
_94256
901 _aCF
905 _aMayto Villalobos S.
942 _cCD
949 _aCD-97
_bBC
_cCD
_d33724000878534
_eCD
_gI. 212426
_i97907
_sb
_t$5.441
999 _c86392
_d86392